| 000 | 01291nam a2200337 a 4500 | ||
|---|---|---|---|
| 001 | 000111626 | ||
| 003 | CHAP | ||
| 005 | 20220329144222.0 | ||
| 008 | 150622s2015 mx sm |||||||spa d | ||
| 010 | _a108087 | ||
| 011 | _a109059 | ||
| 040 | _cCHAP | ||
| 090 | _aTesis | ||
| 100 | 1 |
_aGalán Resendiz, Miriam _9129542 |
|
| 245 | 1 | 0 |
_aClasificación campesina de tierras y análisis agroclimatico para el diagnóstico de la fertilidad del suelo en Vicente Guerrero, Españita, Tlaxcala _h[En línea] _cpor Miriam Galán Reséndiz y Elizabeth Rodríguez Cruz. |
| 260 |
_aChapingo, Méx. : _bEl autor, _c2015. |
||
| 500 | _aPara ver el contenido del material haga clic en la liga | ||
| 502 | _aTesis (Ing. Agr. Esp. en Suelos) -- UACH. Departamento de Suelos | ||
| 590 |
_aE11695DGD _b10 _c20150623 _lUCH01 _h0921 |
||
| 590 |
_aE5765TAJ _b05 _c20150622 _lUCH01 _h1220 |
||
| 590 |
_aE5765TAJ _b05 _c20150622 _lUCH01 _h1221 |
||
| 650 | 1 | 4 |
_aCultivos y clima. _930392 |
| 650 | 1 | 4 |
_aFechas de siembra. _939904 |
| 650 | 1 | 4 |
_aSuelos _xClasificación _zTlaxcala. _9127354 |
| 650 | 1 | 4 |
_aSuelos _xFertilidad. _9110367 |
| 700 | 1 |
_aRodríguez Cruz, Elizabeth _9129543 |
|
| 856 |
_aFinding aid _uhttp://10.13.5.2/tesis/sist111626.pdf _zTeclea aquí |
||
| 901 | _aBK | ||
| 942 | _cTESIS | ||
| 942 | _n0 | ||
| 999 |
_c108087 _d108087 |
||